000 00580nam a2200229Ia 4500
003 OSt
005 20220918215816.0
006 a|||||r|||| 00| 0
007 ta
008 220917b |||||||| |||| 00| 0 eng d
024 _a142,759
037 _cTextual
040 _aARTS
_cARTS
_beng
041 _2eng
_aeng
082 _aY148.1.N, J7
100 _aUrwick L F
_9135297
245 0 _aLeadership in the twentieth century
260 _aNA
_bNA
_c1957
650 _aSOCIOLOGY
942 _hY148.1.N, J7
_cTEXL
_2CC
999 _c265717
_d265717